000
00279nam a22001337a 4500
003
SGT
082
_a
612.015
_b
M17K
100
_a
KUMAR, SANDEEP
245
_a
MEASUREMENT OF OXIDATIVE STRESS
260
_a
SGTU
_c
2017
300
_a
50
650
_a
BIOCHEMISTRY
942
_2
ddc
_c
TH
999
_c
20706
_d
20706